Implementación de metodología de envejecimiento de asfalto mediante eradiación UV
Збережено в:
| Автор: | |
|---|---|
| Формат: | Книга |
| Мова: | Spanish |
| Опубліковано: |
San José, [Costa Rica]
2017
|
| Предмети: | |
| Теги: |
Додати тег
Немає тегів, Будьте першим, хто поставить тег для цього запису!
|
MARC
| LEADER | 00000nam a22000007a 4500 | ||
|---|---|---|---|
| 003 | 012579 | ||
| 005 | 20221231144207.0 | ||
| 008 | 170427b2017 cr a|||| m||| 00| ||spa d | ||
| 040 | |c cru CEDI | ||
| 090 | |a TFG 7730 | ||
| 100 | |9 8105 |a Sánchez Mora, Mauricio José | ||
| 245 | |a Implementación de metodología de envejecimiento de asfalto mediante eradiación UV | ||
| 260 | |a San José, [Costa Rica] |c 2017 | ||
| 300 | |a xvi,83[5] hojas; ilustraciones algunas a color | ||
| 500 | |a Proyecto de graduación (licenciatura en ingeniería civil)--Universidad de Costa Rica. Facultad de Ingeniería. Escuela de Ingeniería Civil | ||
| 650 | |x ASFALTO - APLICACIONES INDUSTRIALES |x ASFALTO - ANALISIS QUIMICO |x ASFALTO - PRUEBAS - COSTA RICA |x ASFALTO - ANALISIS - COSTA RICA |x ASFALTO - EFECTO DE LA TEMPERATURA - COSTA RICA |9 8106 | ||
| 942 | |c TFG | ||
| 999 | |c 18253 |d 18253 | ||
